Report of the Outgoing Committee and Statement of Accounts... (Record no. 119130)
[ view plain ]
| 000 -LEADER | |
|---|---|
| fixed length control field | 00787cas a22002055a 4500 |
| 001 - CONTROL NUMBER | |
| control field | L139807 |
| 008 - FIXED-LENGTH DATA ELEMENTS--GENERAL INFORMATION | |
| fixed length control field | 070809d19061935xxkar p 0 a0eng u |
| 035 ## - SYSTEM CONTROL NUMBER | |
| System control number | (Sirsi) u139807 |
| 041 0# - LANGUAGE CODE | |
| Language code of text/sound track or separate title | eng |
| 110 2# - MAIN ENTRY--CORPORATE NAME | |
| Corporate name or jurisdiction name as entry element | Chartered Surveyors' Institution |
| Subordinate unit | Irish Branch |
| 9 (RLIN) | 5313 |
| 245 00 - TITLE STATEMENT | |
| Title | Report of the Outgoing Committee and Statement of Accounts... |
| 260 ## - PUBLICATION, DISTRIBUTION, ETC. | |
| Place of publication, distribution, etc. | Dublin |
| Name of publisher, distributor, etc. | Chartered Surveyors' Institution, Irish Branch |
| Date of publication, distribution, etc. | [190?]- |
| 362 0# - DATES OF PUBLICATION AND/OR SEQUENTIAL DESIGNATION | |
| Dates of publication and/or sequential designation | 1906-1931, 1935 |
| 520 ## - SUMMARY, ETC. | |
| Summary, etc. | Prior to 1930, the name of the organisation is The Surveyors' Institution: Irish Branch. |
| 554 ## - | |
| -- | One per year |
| 651 #4 - SUBJECT ADDED ENTRY--GEOGRAPHIC NAME | |
| Geographic name | Ireland (Republic of) |
| Chronological subdivision | |
| 690 ## - LOCAL SUBJECT ADDED ENTRY--TOPICAL TERM (OCLC, RLIN) | |
| Topical term or geographic name as entry element | ENVIRONMENTAL AND LAND CONSULTANCY |
| 780 00 - PRECEDING ENTRY | |
| Title | Local Regulations of the Irish Land Agents' Committee of the Surveyors' Institution... |
| 942 ## - ADDED ENTRY ELEMENTS (KOHA) | |
| Suppress in OPAC | 0 |
| Withdrawn status | Lost status | Source of classification or shelving scheme | Damaged status | Not for loan | Home library | Current library | Shelving location | Date acquired | Total Checkouts | Full call number | Barcode | Date last seen | Price effective from | Koha item type |
|---|---|---|---|---|---|---|---|---|---|---|---|---|---|---|
| Dewey Decimal Classification | London | London | Basement | 09/08/2007 | CHARTERED SURVEYORS INSTITUTION IRISH.. | 139807-1001 | 06/08/2019 | 06/08/2019 | Journal |